=LDR 00000nam 2200000 4500 =001 INLIS000000000040239 =005 20130612145818 =008 ***********************************Ind** =035 ##$$0010-061300000040239 =041 ##$$a Ind =082 ##$$a R.658.818 =090 ##$$a R.658.818, Tof k =100 ##$$a Toffler, Betsy-Anin =245 ##$$a Kamus istilah pemasaran, Betsy-Ann Toffler =260 ##$$a 2002 $b Jakarta =300 ##$$a xii, 1162 hlm, 23 cm =650 ##$$a Pemsasaran-Kamus =850 ##$$a NBPNMAT